000 00693nam a2200193 i 4500
001 185073
003 ES-MaACL
005 20250811102340.0
008 160317s1914 es |||| | spa d
110 2 _aAteneo de El Salvador.
_91865
245 1 0 _aLeyes del Ateneo de El Salvador :
_bciencias, letras, artes.
260 _aSan Salvador :
_b[s.n.],
_c1914 (
_fImp. Nacional)
300 _a48 p. ;
_c18 cm.
490 1 _aBiblioteca del Ateneo del Salvador
610 2 4 _aAteneo de El Salvador.
_91865
830 1 0 _aBiblioteca del Ateneo de El Salvador
_9182619
852 _aES-MaACL
_jT-1405-F-3
_z- Enc. en un vol. facticio, conservando cub. original
999 _c185073
_d185073